יישובי השומרון - Statistics

General Stats
  • This quiz has been taken 27 times
  • The average score is 14 of 36
Answer Stats
שם הישוב % Correct
אריאל
78%
קרני שומרון
78%
עמנואל
67%
אורנית
56%
אלפי מנשה
56%
אלקנה
56%
ברוכין
56%
קדומים
56%
איתמר
44%
ברקן
44%
הר ברכה
44%
יצהר
44%
מעלה שומרון
44%
פדואל
44%
רבבה
44%
אביתר
33%
אלון מורה
33%
חוות גלעד
33%
יקיר
33%
כפר תפוח
33%
נופים
33%
סלעית
33%
עלי זהב
33%
רחלים
33%
שבי שומרון
33%
שערי תקווה
33%
אבני חפץ
22%
גבעת ארנון
22%
חוות יאיר
22%
לשם
22%
מגדלים
22%
נופי נחמיה
22%
עינב
22%
עץ אפרים
22%
צופים
22%
קרית נטפים
22%
No matching quizzes found
Score Distribution
Percent of People with Each Score
Percentile by Number Answered
Your Score History
You have not taken this quiz